000
00318nam a22001337a 4500
008
250506b |||||||| |||| 00| 0 eng d
020
_a
0333445678
050
_a
PN145
_b
.W75
100
_a
Turner Barry
245
_a
The Writers Handbook
260
_a
Tokyo
_b
Macmillan press LTD.
_c
1998
300
_a
504P.
942
_c
BK
999
_c
3315
_d
3315